Bienvenue au Catalogue en Ligne des Bibliothèques de l'Universite du Burundi

La Fiscalité agricole dans les pays en développement (Record no. 4818)

000 -GUIDE
Champ de contrôle de longueur fixe 00783nam a22002177a 4500
003 - IDENTITÉ DU NUMÉRO DE CONTRÔLE
Champ de contrôle BI-BuBU
008 - ÉLÉMENTS DE LONGUEUR FIXE - RENSEIGNEMENTS GÉNÉRAUX
Champ de contrôle de longueur fixe 100329s it||||dr|||| 00| 0 fre d
020 ## - INTERNATIONAL STANDARD BOOK NUMBER
ISBN 9789252033691
020 ## - INTERNATIONAL STANDARD BOOK NUMBER
ISBN 9252033696
039 ## - NIVEAU DE CONTRÔLE BIBLIOGRAPHIQUE ET HISTORIQUE D'ENCODAGE [OBSOLETE]
Date creation an
040 ## - SOURCE DU CATALOGAGE
Organisme qui a effectué le catalogage original BI-BuBU
Code de la langue utilisée dans le catalogage fre
Organisme qui a effectué la transcription BI-BuBU
080 ## - INDICE DE LA CLASSIFICATION DÉCIMALE UNIVERSELLE (CDU)
Indice de la Classification décimale universelle 336.2
110 ## - VEDETTE PRINCIPALE - NOM DE COLLECTIVITÉ
Nom de la collectivité ou nom de lieu comme élément de classement Organisation des Nations Unies pour l'Alimentation et l'Agriculture
Lieu de collectivité Rome
Date of meeting or treaty signing 1994
9 (RLIN) 17764
245 #3 - MENTION DU TITRE
Titre La Fiscalité agricole dans les pays en développement
Reste du titre examen de quelques cas spécifiques
Mention de responsabilité, etc. FAO
260 ## - PUBLICATION, DIFFUSION, ETC. (ADRESSE BIBLIOGRAPHIQUE)
Lieu de publication, diffusion, etc. Rome
Nom de l'éditeur, diffuseur, etc. FAO
Date of publication, distribution, etc 1994
300 ## - DESCRIPTION MATÉRIELLE
Collation VII-120 p.
Dimensions 21 cm.
650 #7 - VEDETTE-MATIÈRE - NOM COMMUN
Vedette de sujet ou vedette comportant un nom géographique Fiscalité agricole. Pays en développement
9 (RLIN) 17765
942 ## - ÉLÉMENTS D'ENTRÉE ADDITIONNELLE (KOHA)
Source de la classification ou du système de rangement
Type d item koha BOOK
Holdings
Statut de retrait Statut de perte Source de la classification ou du système de rangement Statut de déterioration Exclu du prêt Numéro d item Koha Localisation permanente Localisation actuelle Date d'acquisition Source d'acquisition Nombre de prêts Cote Code-barres Date last seen Numéro d'exemplaire Prix en vigueur à partir du Type d item koha
          6163 Bibliothèque de la Faculté des Sciences Agronomiques Bibliothèque de la Faculté des Sciences Agronomiques 29/03/2010 Don   336.2 FIS. 5030000010391 29/03/2010 1 29/03/2010 BOOK
© 2019-2026 - Bibliothèques de l'Université du Burundi |Tous droits réservés
home | Pour toute information urgente Contactez nous | tel whatsupp: +25779204313